Hardvérová špecifikácia Cloud Computing-u pre oblasť Veľkých Dát
Gespeichert in:
| 1. Verfasser: | |
|---|---|
| Weitere Verfasser: | |
| Format: | Manuskript Buch |
| Sprache: | Slowakisch |
| Veröffentlicht: |
2025
|
| Schlagworte: | |
| Online-Zugang: | http://is.stuba.sk/zp/portal_zp.pl?podrobnosti=170926 |
| Tags: |
Keine Tags, Fügen Sie das erste Tag hinzu!
|
MARC
| LEADER | 00000ntm a22000003a 4500 | ||
|---|---|---|---|
| 001 | stuzp102083 | ||
| 003 | SK-STU | ||
| 005 | 20250614210943.4 | ||
| 007 | ta | ||
| 008 | 150427s2015----xo-----f-mn---000-0-slo-d | ||
| 040 | |a STU |b slo | ||
| 041 | 0 | |a slo | |
| 100 | 1 | |a Volko, Ján |u 037000 |4 aut |U FEI Fakulta elektrotechniky a informatiky |T FEI Ústav multimediálnych informačných a komunikačných technológií |X 79813 |U E070 |Y 818 |7 79813 | |
| 242 | 0 | 1 | |a Hardware specification of Cloud Computing for the area of Big Data |y eng |
| 245 | 1 | 0 | |a Hardvérová špecifikácia Cloud Computing-u pre oblasť Veľkých Dát |
| 260 | |c 2025 | ||
| 650 | 4 | |a Apache Spark |2 eng | |
| 650 | 4 | |a Cloud Computing |2 eng | |
| 650 | 4 | |a Analytics |2 eng | |
| 650 | 4 | |a Big Data |2 eng | |
| 650 | 4 | |a Hardware |2 eng | |
| 650 | 4 | |a Hardvér |2 slo | |
| 650 | 4 | |a Apache Spark |2 slo | |
| 650 | 4 | |a Analýza |2 slo | |
| 650 | 4 | |a Veľké Dáta |2 slo | |
| 650 | 4 | |a Cloud Computing |2 slo | |
| 700 | 1 | |a Baroňák, Ivan |u 037000 |k Z1 |4 ths |U FEI Fakulta elektrotechniky a informatiky |T FEI Ústav multimediálnych informačných a komunikačných technológií |X 1925 |U E070 |Y 818 |7 A000001925 | |
| 856 | 4 | |u http://is.stuba.sk/zp/portal_zp.pl?podrobnosti=170926 | |